01426nam a22003617a 4500003000500000005001700005008004100022010001000063011001000073035001000083040000900093082001700102111009800119245001300217260006300230300001100293500001100304590004100315590004100356590004100397590004100438590004200479650004000521700004100561710004500602901000700647942001000654949006500664949006000729999001700789952013400806952012400940CHAP20220329141504.0971013s1989 r 10010 d a68954 a69926 a79404 cCHAP a636.0896bC500aCiclo de Conferencias sobre Microbiología Pecuaria (n1d: 1989c: Chapingo, Méx.)923067 aMemorias aChapingo, Méx. :bUACH. Departamento de Zootecnia,c1989 a386 p. a32-103 aBATCH-UPDb10c20130110lUCH01h0510 aBATCH-UPDb10c20130110lUCH01h2243 aBATCH-UPDb10c20130410lUCH01h0148 aBATCH-UPDb10c20130914lUCH01h0930 aCONVERSIONb10c20130109lUCH01h133814aMicrobiología veterinaria.9755000 aMiranda Romero, Luis Alberto.9761030 aUACH. Departamento de Zootecnia.9115904 aBK cLIBRO a636.0896 C5bBCcCONGd-65332eCONGfc.2h76038i79404mDsi a636.0896 C5bBCcUACHd-32292eUACHh76037i79404mDsi c68954d68954 00102ddc4051708CONGaBCbBCcPA_CONGd2019-12-31fLIBROl0o636.0896 C5p-65332r2019-12-31 00:00:00tc.2w2019-12-31yLIBRO 00104051708UACHaBCbBCcPA_UACHd2019-12-31fLIBROl0o636.0896 C5p-32292r2019-12-31 00:00:00w2019-12-31yLIBRO